[Event "CZE-chT1E 0809"]
[Site "Czech Republic"]
[Date "2008.12.14"]
[Round "5.7"]
[White "Kufa, Pavel"]
[Black "Skacelik, Petr"]
[Result "1-0"]
[WhiteElo "2189"]
[BlackElo "2214"]
[PlyCount "75"]
[EventDate "2008.11.08"]
[EventType "team-tourn"]
[EventRounds "11"]
[EventCountry "CZE"]
[SourceTitle "EXT 2010"]
[Source "ChessBase"]
[SourceDate "2010.11.25"]
[SourceVersion "1"]
[SourceVersionDate "2010.11.25"]
[SourceQuality "1"]
[WhiteTeam "Poruba Slavoj"]
[BlackTeam "Zakrany"]
[WhiteTeamCountry "CZE"]
[BlackTeamCountry "CZE"]

1. e4 c5 2. d4 cxd4 3. c3 Nf6 4. e5 Nd5 5. cxd4 e6 6. Nc3 Nxc3 7. bxc3 Qc7 8. Bd2 d6 9. f4 Be7 10. Nf3 0-0 11. Bd3 Nd7 12. h4 f5 13. Ng5 Bxg5 14. hxg5 g6 15. exd6 Qxd6 16. Qf3 Nb6 17. Kf2 Rb8 18. Rh6 Rf7 19. Rah1 Rg7 20. Qh3 Qc7 21. c4 Na4 22. d5 exd5 23. cxd5 b5 24. d6 Qf7 25. Bc2 Be6 26. Bxa4 bxa4 27. Bc3 Bxa2 28. Qe3 Rb3 29. Qd4 Rxc3 30. Qxc3 Qd7 31. Qe5 Qc6 32. Rc1 Qb6+ 33. Kg3 Qd8 34. Rc7 Rf7 35. Rh1 Bb3 36. Rhc1 Rxc7 37. Rxc7 Bf7 38. d7 1-0